| 000 | nam a22 a 4500 | ||
|---|---|---|---|
| 999 |
_c2168 _d2168 |
||
| 003 | AKMAL | ||
| 005 | 20170515150123.0 | ||
| 008 | 170515s1997 my 00 may d | ||
| 020 |
_a9676106658 (kkt.): _cRM 14.00 |
||
| 040 |
_aAKMAL _cAKMAL |
||
| 082 | 0 | 4 | _a370.157 PHI |
| 090 |
_a370.157 _bPHI |
||
| 100 | 1 |
_aPhillips, John Arul _94550 |
|
| 245 | 1 | 0 |
_aPengajaran kemahiran berfikir : _bteori dan amalan / _cJohn Arul Phillips |
| 260 |
_aKuala Lumpur : _bUtusan Publications, _c1997 |
||
| 300 |
_av, 191ms. : _bil. ; _c22cm |
||
| 504 | _aBibliografi: ms. 184-191 | ||
| 650 |
_aCreative thinking _91035 |
||
| 650 |
_aCritical thinking _91062 |
||
| 650 |
_aThought and thinking _9913 |
||
| 942 |
_2ddc _cBOOK |
||